Nombres femeninos españoles A-Z - Estadísticas

Estadísticas generales
  • Esta prueba ha sido intentada 719 veces
  • La puntuación promedio es 16 de 20
Estadísticas de respuestas
Letra Respuesta % Correcto
A Araceli Ana Alejandra Ainhoa Ángela Antonia Andrea Alicia Adela Alba
100%
C Carmen Carla Clara Celia Catalina Cristina Conchita Claudia Carolina Concepción
98%
M Maria Marta Matilde Margarita Miriam Marina Manuela Mercedes Monica Macarena
97%
L Laura Lucía Lidia Leire Leonor Lorena Leticia Luisa
94%
S Susana Sara Sofía Silvia Sandra Sonia
93%
E Ester Edén Eva Elena Esperanza Elisa Emilia
91%
J Juana Julia Jimena Judit Julieta
89%
P Pilar Paula Prudencia Patricia Plautila
88%
N Nadia Nazaret Nuria Natalia Noelia Nerea
87%
B Blanca Beatriz Barbara Belén
86%
D Diana Daniela Dolores
86%
I Isabel Inés Itziar Irene
82%
R Raquel Rosa Rita Rodriga Rosario Rocio
81%
F Felicidad Felicia Fernanda Francisca Fátima
79%
V Violeta Victoria Valeria Virginia
75%
O Olivia Olga
65%
T Tatiana Teresa
65%
U Ursula
54%
G Gabriela Gloria
51%
Y Yolanda
28%
No se encontraron pruebas coincidentes
Distribución de puntuación
Porcentaje de gente con cada puntuación
Porcentaje por número respondido
Historial de tus puntuaciones
No has intentado esta prueba.